00282nam a2200121Ia 4500008004100000100001400041245003200055260002800087300000900115650001200124942000700136999001700143190216s9999||||xx |||||||||||||| ||und|| aMenon K N 0aNammude Valarthu Matsyangal bKerala Basha Instc1973 a157p aZoology cBK c37584d37584